000 00256nam a2200109Ia 4500
008 190216s9999||||xx |||||||||||||| ||und||
100 _aVashishta B R
245 0 _aBotany For Degree Students Fungi
260 _bS Chand & Co
650 _aBotany
942 _cBK
999 _c1164
_d1164